| 000 | 01329nam0a2200313 4500 | ||
|---|---|---|---|
| 001 | RU\NLR\bibl\1314580 | ||
| 005 | 20260406150213.0 | ||
| 010 |
_a978-5-386-00636-5 _93000 |
||
| 021 |
_aRU _b2008-89614 _95236 |
||
| 035 | _a(NLR Aleph) 001299976 | ||
| 090 |
_a613015 _c613015 |
||
| 100 | _a20090113d2008 |||y0rusy50 ca | ||
| 101 | 1 |
_arus _cper |
|
| 102 | _aRU | ||
| 105 | _aa ||||||||| | ||
| 200 | 1 |
_aРубаи _eполное собрание _fОмар Хайям _g[пер., сост., вступ. ст., примеч. и коммент. И. А. Голубева _gхудож. В. Н. Белоусов] |
|
| 210 |
_aМосква _cРипол классик _d2008 |
||
| 215 |
_a605, [2] с. _cил. _d14 |
||
| 225 | 1 | _aУмная книга в подарок | |
| 686 | _aШ5(0)952.314-4Омар Хайям | ||
| 700 | 0 |
_4070 _8rus _7ca _aОмар Хайям _f1048-1131 _3RU\NLR\AUTH\774823 _9114798 |
|
| 702 | 1 |
_4220 _8rus _7ca _aГолубев _bИ. А. _cпереводчик _f1940-2011 _gИгорь Андреевич _3RU\NLR\AUTH\7775865 _958793 |
|
| 702 | 1 |
_4040 _8rus _7ca _aБелоусов _bВ. Н. _cхудожник _gВладимир Николаевич _3RU\NLR\AUTH\7754422 _937354 |
|
| 801 | 0 |
_aRU _bNLR _c20090113 _gRCR |
|
| 801 | 1 |
_aRU _bNLR _c20090113 |
|
| 942 | _cBOOK | ||
| 980 | _aNB | ||